Loading...

THAMIZH SEVVIYAL PADAIPPUKAL

Bibliographic Details
Main Author: MATHAIYAN.P.DR
Format: Printed Book
Published: CHENNAI NCBH 2009
LEADER 00428nam a2200169 4500
020
082 |a 894.8118 MAT 
100 |a MATHAIYAN.P.DR. 
245 |a THAMIZH SEVVIYAL PADAIPPUKAL  |h TAMIL 
250
260 |a CHENNAI  |b NCBH  |c 2009 
300
650
700
942 |c BK 
999 |c 164223  |d 164223 
952 |0 0  |1 0  |4 0  |6 894_811800000000000_MAT  |7 0  |9 177675  |a ORI  |b ORI  |l 0  |o 894.8118 MAT  |p ORI6356T457  |r 2019-10-25  |w 2019-10-25  |y BK